000 00781nam a2200253 i 4500
001 5956
003 ES-MaACL
005 20230906144739.0
007 t|
008 890616s1987 sp ||||1| spa d
020 _a84-600-5237-0
080 _a330.148
100 1 _aAlbarracín, Jesús.
_919241
245 1 3 _aLa Onda larga del capitalismo español /
_cJesús Albarracín ; prólogo, Ernest Mandel.
260 _aMadrid :
_bColegio de Economistas,
_cD.L. 1987.
300 _a175 p. ;
_c21 cm.
490 1 _aEconomistas libros
650 1 4 _aCiclos económicos-
_zEspaña.
_910924
650 1 4 _aCapitalismo.
_910760
700 1 _aMandel, Ernest.
_975941
830 0 _aEconomistas libros
_9177790
852 _aES-MaACL
_jL-13057
_bR.115553
_z. - rust.
999 _c5956
_d5956